000 00551nam a22001457a 4500
008 230405b |||||||| |||| 00| 0 eng d
040 _aNational Science Library
_cNational Science Library
080 _aI 82.03:5/6(082.2)
_bM3;1
245 _aTwentieth anniversary conference:
_bProblem and prospects of scientific and technical translation
_c/ Indian Scientific Translators Association
260 _aNew Delhi:
_bIndian Scientific Translators Association,
_c1983
300 _a151p.
650 _aManagement
653 _aTextile
942 _2udc
_cPR
999 _c18394
_d18394